000 002610000a22000970004500
100 1 _aMcQuilkin, Robertson
245 1 0 _aShould we stop sending missionaries?
300 _aVol.21, núm.8 (August, 1999), Páginas 38-41
773 0 _tMission Frontiers
942 _cANA
999 _c60334
_d60334